<?xml version="1.0" encoding="UTF-8"?>
<record
    xmlns:xsi="http://www.w3.org/2001/XMLSchema-instance"
    xsi:schemaLocation="http://www.loc.gov/MARC21/slim http://www.loc.gov/standards/marcxml/schema/MARC21slim.xsd"
    xmlns="http://www.loc.gov/MARC21/slim">

  <leader>00911nam a2200241 a 4500</leader>
  <controlfield tag="001">BRCA_4462</controlfield>
  <controlfield tag="005">20190320204659.0</controlfield>
  <controlfield tag="008">060910s1907----enka######---#000-0#eng-#</controlfield>
  <datafield tag="041" ind1=" " ind2=" ">
    <subfield code="a">eng</subfield>
  </datafield>
  <datafield tag="044" ind1=" " ind2=" ">
    <subfield code="a">nyu</subfield>
  </datafield>
  <datafield tag="050" ind1=" " ind2="4">
    <subfield code="a">DP17</subfield>
    <subfield code="b">.C35 18</subfield>
    <subfield code="c">1907</subfield>
  </datafield>
  <datafield tag="100" ind1="1" ind2=" ">
    <subfield code="a">Calvert, Albert F.</subfield>
    <subfield code="d">1872-1946</subfield>
    <subfield code="9">11308</subfield>
  </datafield>
  <datafield tag="245" ind1="1" ind2="0">
    <subfield code="a">Granada and the Alhambra</subfield>
    <subfield code="b">A brief description of the Ancient City of Granada with a particular account of the Moorish Palace</subfield>
    <subfield code="c">By Albert F. Calvert.</subfield>
  </datafield>
  <datafield tag="260" ind1=" " ind2=" ">
    <subfield code="a">Londres: Nueva York</subfield>
    <subfield code="b">John Lane, The Bodley Head</subfield>
    <subfield code="c">1907</subfield>
  </datafield>
  <datafield tag="300" ind1=" " ind2=" ">
    <subfield code="a">xxxvi, 88p. (v. 18)</subfield>
    <subfield code="b">il., 460 l&#xE1;minas</subfield>
    <subfield code="c">20 cm.</subfield>
  </datafield>
  <datafield tag="440" ind1=" " ind2="0">
    <subfield code="a">The spanish series</subfield>
    <subfield code="v">18</subfield>
    <subfield code="9">11309</subfield>
  </datafield>
  <datafield tag="500" ind1=" " ind2=" ">
    <subfield code="a">Incluye &#xED;ndice de ilustraciones</subfield>
  </datafield>
  <datafield tag="500" ind1=" " ind2=" ">
    <subfield code="a">CEO11</subfield>
  </datafield>
  <datafield tag="650" ind1="1" ind2="4">
    <subfield code="a">Decoraci&#xF3;n y ornamentaci&#xF3;n mahometanas</subfield>
    <subfield code="e">Dise&#xF1;o decorativos</subfield>
    <subfield code="x">Palacios</subfield>
    <subfield code="z">Alhambra, Espa&#xF1;a</subfield>
    <subfield code="9">11310</subfield>
  </datafield>
  <datafield tag="651" ind1=" " ind2="4">
    <subfield code="a">Espa&#xF1;a</subfield>
    <subfield code="v">Descripci&#xF3;n y viajes</subfield>
    <subfield code="9">11311</subfield>
  </datafield>
  <datafield tag="902" ind1=" " ind2=" ">
    <subfield code="a">GFM</subfield>
  </datafield>
  <datafield tag="942" ind1=" " ind2=" ">
    <subfield code="2">lcc</subfield>
    <subfield code="c">B</subfield>
  </datafield>
  <datafield tag="999" ind1=" " ind2=" ">
    <subfield code="c">4168</subfield>
    <subfield code="d">4168</subfield>
  </datafield>
  <datafield tag="952" ind1=" " ind2=" ">
    <subfield code="0">0</subfield>
    <subfield code="1">0</subfield>
    <subfield code="4">0</subfield>
    <subfield code="7">0</subfield>
    <subfield code="a">BRCA</subfield>
    <subfield code="b">BRCA</subfield>
    <subfield code="d">2010-09-06</subfield>
    <subfield code="i">CEO11</subfield>
    <subfield code="l">0</subfield>
    <subfield code="o">DP17 .C35 18 1907 (CEO11)</subfield>
    <subfield code="p">4459</subfield>
    <subfield code="r">2019-03-22 00:00:00</subfield>
    <subfield code="w">2019-03-22</subfield>
    <subfield code="y">B</subfield>
  </datafield>
</record>
